Statistics for Waterfalls of New Zealand

Click here to take the quiz!

General Stats

  • This quiz has been taken 34 times
    (23 since last reset)
  • The average score is 5 of 44

Answer Stats

RegionHeightWaterfall% Correct
Central Plateau11m/36ftHuka Falls
59%
580m/1,900ftSutherland Falls
45%
26m/85ftWhangarei Falls
36%
East Coast25m/165ftRere Falls
27%
Northland27m/89ftRainbow Falls (Waianiwaniwa)
23%
30m/98ftHunua Falls
23%
18m/60ftDawson Falls
18%
261m/856ftBridal Veil Falls
18%
Waikato55m/180ftBridal Veil Falls
18%
10m/32ftMaruia Falls
14%
153m/502ftWairere Falls
14%
20m/66ftTaranaki Falls
14%
836m/2,743ftBrowne Falls
9%
Fiordland162m/531ftBowen Falls
9%
96m/315ftThunder Creek Falls
9%
7m/23ftCoal Creek Falls
9%
58m/190ftShine Falls
9%
Taranaki74m/243ftMount Damper Falls
9%
65m/213ftTarawera Falls
9%
Auckland15m/49ftFairy Falls
9%
40m/130ftKitekite Falls
9%
Southland22m/72ftMcLean Falls
5%
Piroa Falls
5%
275m/902ftHumboldt Falls
5%
100m/328ftCleddau Valley Vistas Falls
5%
174m/571ftEarland Falls
5%
150m/490ftStirling Falls
5%
230m/755ftWakefield Falls
5%
112m/367ftDevils Punchbowl Falls
5%
15m/49ftOhau Falls
5%
30m/98ftKarekare Falls
5%
Canterbury77m/253ftWishbone Falls
5%
35m/115ftMarokopa Falls
5%
40m/130ftTrident Falls
5%
45m/148ftOmaru Falls
5%
West Coast30m/98ftCarew Falls
5%
6m/20ftOwharoa Falls
5%
Nelson7m/23ftWainui Falls
5%
Manawatu25m/165ftWaihi Falls
5%
6m/20ftHuruhuru Falls
5%
Hawke's Bay20m/66ftPapakorito Falls
5%
Bay of Plenty2m/7ftKerosene Creek Falls
5%
40m/130ftWaipungu Falls
5%
20m/66ftPurahaunui Fallls
5%

Score Distribution

Percentile by Number Answered

Percent of People with Each Score

Your Score History

You have not taken this quiz since the last reset